| 000 | 00801cam a22002411 4500 | ||
|---|---|---|---|
| 001 | e 57000046 | ||
| 003 | DLC | ||
| 005 | 20260227111236.0 | ||
| 008 | 791213s1957 dcua b f000 0 eng c | ||
| 010 | _ae 57000046 | ||
| 035 | _a(OCoLC)5789519 | ||
| 040 |
_aU.S. Office of Education. Library _cIPB _dDLC |
||
| 042 | _apremarc | ||
| 050 | 0 | 0 |
_aLB3325.O35 _bT3 |
| 100 | 1 | _aTaylor, James L. | |
| 245 | 1 | 0 | _aAdministrative facilities in school buildings. |
| 260 |
_a[Washington] _bU.S. Dept. of Health, Education, and Welfare, Office of Education _c[1957] |
||
| 300 |
_avi, 52 p. _billus., diagrs. _c20 x 26 cm. |
||
| 410 | 2 | 0 |
_aU.S. Office of Education. _tSpecial publication ; _vno. 6 |
| 504 | _aBibliography: p. 43-45. | ||
| 650 | 0 |
_aSchool buildings _zUnited States. |
|
| 650 | 0 | _aOffice layout. | |
| 999 |
_c22285 _d22285 |
||